El Fracaso de la reforma agraria en Centroamérica por la ausencia de una reforma social integral

Plantea que en América Central, no se ha llevado a cabo una reforma agraria que posibilite una reforma social integral. Las reformas agrarias efectuadas pueden agruparse en tres categorías: 1) la reforma agraria del coronel jacobo Arbenz 2) la impulsada por la alianza para el progreso y 3) la result...

Szczegółowa specyfikacja

Zapisane w:
Opis bibliograficzny
1. autor: Villareal, María Eugenia
Format: Texto
Wydane: Tegucigalpa :
Hasła przedmiotowe:
Etykiety: Dodaj etykietę
Nie ma etykietki, Dołącz pierwszą etykiete!

MARC

LEADER 00000 a a2200000 04500
001 15652
003
040
090 |a 029800  
100 |a Villareal, María Eugenia  
245 |a El Fracaso de la reforma agraria en Centroamérica por la ausencia de una reforma social integral  
260 |a Tegucigalpa :  
300 |a 8 p  
520 |a Plantea que en América Central, no se ha llevado a cabo una reforma agraria que posibilite una reforma social integral. Las reformas agrarias efectuadas pueden agruparse en tres categorías: 1) la reforma agraria del coronel jacobo Arbenz 2) la impulsada por la alianza para el progreso y 3) la resultante de una política reformista, que no produce cambios de estructura./ACM  
650 |a GUATEMALA  
650 |a REFORMA AGRARIA  
650 |a REFORMA SOCIAL  
999 |c 15160  |d 15160